Geografická olympiáda 29. ročník, školský rok 2000-2001 : témy písomných prác

Bibliographic Details
Corporate Author: Geografická olympiáda (Author)
Format: Conference Proceeding Book
Language:Slovak
PhysicalDescription:22 strán 21 cm
Published: Bratislava Iuventa 2001
ISBN:8088893526
Subjects:

MARC

LEADER 00000cam a2200000 a 4500
001 vtls001450828
003 SK-MaSNL
005 20260301073124.0
008 240226s2001 xo grfn 000 0 slo
015 |a SNBA2003/12-04926 
020 |a 8088893526 
035 |a SNK000406121 
035 |a urn:nbn:sk:snk-am3iq0h 
035 |a 1515E0AC-3FBE-4967-9668-DC4D3B1F2FF1 
035 |a urn:nbn:sk:snk-am00fbu4 
040 |a SNK  |b slo  |c SNK  |e AACR2 
041 0 |a slo 
044 |a xo  |c SK 
072 7 |a 91  |x Geografia ako veda. Výskum. Cestovanie  |2 konspekt 
080 |a 371.384:91(035)  |2 1997 
080 |a 91  |2 1997 
080 |a 91  |2 2011 
080 |a (035)  |2 2011 
111 2 |a Geografická olympiáda  |n (29. :  |d 2000-2001)  |4 aut  |9 111114 
245 1 0 |a Geografická olympiáda  |b 29. ročník, školský rok 2000-2001 : témy písomných prác 
246 3 |a Geografická olympiáda  |b XXIX. ročník, školský rok 2000-2001 : témy písomných prác 
246 3 |a Geografická olympiáda  |b dvadsiaty deviaty ročník, školský rok 2000-2001 : témy písomných prác 
260 |a Bratislava  |b Iuventa  |c 2001 
300 |a 22 strán  |c 21 cm 
366 |e 500 kusov 
500 |a Obalový názov 
504 |a Obsahuje bibliografické odkazy 
521 |a Pre vnútornú potrebu 
648 7 |a 2000-2001  |2 SNKPH  |9 297509 
650 0 7 |a geografia  |2 SNKPH  |9 823 
650 0 7 |a geografické olympiády  |2 SNKPH  |9 59264 
655 7 |a príručky  |2 SNKPH  |9 74364 
919 |a 80-88893-52-6 
958 |a TL 
958 |a NB 
958 |a OND 
999 |c 643178  |d 645108 
952 |t P60, <03>, [BOOK], {603}  |a SNK  |b SNK  |y PREZ  |7 0  |p 17A0377612  |o snkSC 111027  |i snkKSP 3566/2003  |0 0  |1 0  |4 0  |d 2003-03-06  |f 1  |l 0  |r 2025-10-01 00:00:00  |w 2026-02-23 
952 |t P60, <04>, [BOOK], {604}  |a SNK  |b SNK  |y VYP  |7 0  |p 17A0377613  |o snkSC 111027 D1  |i snkKSP 3567/2003  |0 0  |1 0  |4 0  |d 2003-03-06  |l 0  |r 2005-01-02 00:00:00  |w 2026-02-23